| 000 | 00728nam a2200169 4500 | ||
|---|---|---|---|
| 999 |
_c17076 _d17076 |
||
| 008 | 220602b ||||| |||| 00| 0 eng d | ||
| 022 | _a0732-8435 | ||
| 082 | _aDPer 657.05 C33 Sept - Dec 2012, v. 82 n. 9 - 12 | ||
| 100 |
_aLively, Heather M. _945386 |
||
| 245 |
_aMultiple financial accounting standards intensify the dilemma of what to teach: _bstalled convergence presents challenges for educators/ _cHeather M. Lively and Nicholas J. Mastracchio, Jr. |
||
| 260 |
_aNew York: _bThe New York State Society of CPA, _c©2012. |
||
| 300 |
_av82 n10, pages 62-65: _billustrations; _c28 cm. |
||
| 500 | _aThe CPA Journal. | ||
| 650 |
_aAccounting. _945387 |
||
| 700 |
_aMastracchio, N. J., Jr. _eAuthor. _945388 |
||
| 942 |
_2ddc _cPER |
||